EMANCIPÁCIA nezbavuje ŽENU ženskosti

Bibliographic Details
Main Author: Rozinajová, Helena, 1931-1994 (Author)
Format: Article
Language:Slovak

MARC

LEADER 00000nab a2200000ua 4500
001 vtls010786373
003 SK-MaSNL
005 20260303152235.0
008 230222s1975 xo |||||||||||||||||slo|
035 |a (urnnbn)urn:nbn:sk:snk:ar-a00cyd 
035 |a (uuid)f9af9d97-7145-4ef8-b0aa-15bc725e8dad 
035 |a urn:nbn:sk:snk-ab4703 
040 |a SNKBUCL  |b slo  |c SNKBUCL  |e AACR2 
041 0 |a slo 
044 |a xo  |c SK 
100 1 |a Rozinajová, Helena,  |d 1931-1994  |4 aut  |9 215182 
245 1 0 |a EMANCIPÁCIA nezbavuje ŽENU ženskosti  |c Helena Rozinajová 
773 0 |t Rodina a škola : mesačník pre rodičov a učiteľov  |g Roč. 22, č. 3 (1975), s. 82-83 
954 |a odborná, vedecká literatúra pôvodná (slovenská)  |2 lita 
958 |a OND 
958 |a EUIPO 
958 |a article3 
999 |c 2022425  |d 2024355